000 00729nam a2200265Ia 4500
003 OSt
005 20220918195408.0
006 a|||||r|||| 00| 0
007 ta
008 220917b |||||||| |||| 00| 0 eng d
024 _a84,842
037 _cTextual
040 _aARTS
_cARTS
_beng
041 _2eng
_aeng
082 _aSN1:86, M0
100 _aWilson G Terence
_990238
245 0 _aPrinciples of behaviour therapy
260 _aEnglewood
_bPrentice Hall
_c1980
300 _axiv, 349p
_ccm.
500 _aBibilography p306--336
650 _aPSYCHOLOGY
700 _a O'Leary K Daniel
_911281
942 _hSN1:86, M0
_cTEXL
_2CC
999 _c208556
_d208556